Central Library OPAC University of Rajshahi

Introduction to atomic and nuclear physics (Record no. 9350)

MARC details
000 -LEADER
fixed length control field 01011nam a22003011 4500
001 - CONTROL NUMBER
control field 9350
003 - CONTROL NUMBER IDENTIFIER
rucl marc code BD-RjUL
005 - DATE AND TIME OF LATEST TRANSACTION
control field 20211208234749.0
008 - FIXED-LENGTH DATA ELEMENTS--GENERAL INFORMATION
fixed length control field 140120s1962 ilua 001 0 eng d
035 ## - SYSTEM CONTROL NUMBER
System control number (BD-RjUL)9395
040 ## - CATALOGING SOURCE
Original cataloging agency DLC/ICU
Transcribing agency ICU
Modifying agency DLC
-- BD-RjUL
Language of cataloging eng
041 ## - LANGUAGE CODE
Language code of text/sound track or separate title eng
082 00 - DEWEY DECIMAL CLASSIFICATION NUMBER
Classification number 539
Author mark and year CAI 1962
100 1# - MAIN ENTRY--PERSONAL NAME
Personal name Caro, D. E.
Fuller form of name (David Edmund)
9 (RLIN) 28976
245 10 - TITLE STATEMENT
Title Introduction to atomic and nuclear physics
Statement of responsibility, etc. by D.E. Caro, J.A. McDonell and B.M Spicer. Foreword by Melba Phillips.
260 ## - PUBLICATION, DISTRIBUTION, ETC. (IMPRINT)
Place of publication, distribution, etc. Chicago :
Name of publisher, distributor, etc. Aldine Pub. Co.,
Date of publication, distribution, etc. c1962.
300 ## - PHYSICAL DESCRIPTION
Pagination 222 p. :
Illustrations illus., diagrs.
Size 25 cm.
500 ## - GENERAL NOTE
General note First published in London in 1962 under title: Modern physics, an introduction to atomic and nuclear physics.
504 ## - BIBLIOGRAPHY, ETC. NOTE
Bibliography, etc Includes index.
Bibliography, etc Bibliography: p. 198-200.
650 #0 - SUBJECT ADDED ENTRY--TOPICAL TERM
Topical term or geographic name as entry element Atoms.
9 (RLIN) 25783
Topical term or geographic name as entry element Nuclear physics.
9 (RLIN) 28977
700 1# - ADDED ENTRY--PERSONAL NAME
Personal name McDonell, J.A.
Personal name Spicer, B.M
942 ## - ADDED ENTRY ELEMENTS (KOHA)
Source of classification or shelving scheme Dewey Decimal Classification
Koha item type Books
Holdings
Lost status Source of classification or shelving scheme Damaged status Not for loan Collection code Permanent Location Current Location Shelving location Date acquired Source of acquisition Total Checkouts Full call number Date last seen Copy number Koha item type
  Dewey Decimal Classification   Not For Loan Non-fiction Central Library, University of Rajshahi Central Library, University of Rajshahi   01/07/1966 Asia foundation   539 CAI 1962 20/01/2014 C-1 Books